| 000 | 00710pam a2200253 a 4500 | ||
|---|---|---|---|
| 001 | 3351611 | ||
| 003 | NUST-PNEC | ||
| 005 | 20170116181010.0 | ||
| 008 | 860710s1987 nyua b 001 0 eng | ||
| 010 | _a 86018546 | ||
| 020 | _a- | ||
| 040 | _cLIBRARY | ||
| 082 | 0 | 0 | _a621.3817 KEO |
| 100 | 1 |
_aKeonjian, Edward _910125 |
|
| 245 | 1 | 0 |
_aMicroelectronics : theory, design, and fabrication _cEdward Keonjian |
| 260 |
_bMcGraw-Hill, _cc.1963 |
||
| 440 | 0 | _aMcGraw-Hill series in electrical engineering. | |
| 650 | 0 | _aMicroelectronics. | |
| 650 | 0 |
_aIntegrated circuits. _xEL |
|
| 650 | 0 | _aElectronic circuit design. | |
| 650 | 0 | _aDigital electronics. | |
| 700 | 1 | _aGrabel, Arvin. | |
| 942 |
_2ddc _cBK |
||
| 999 |
_c67060 _d67060 |
||